LEADER 01441nam a2200277 i 4500 001 000000076334 003 CaOOAMICUS 005 20251222112007.0 008 001123s1804 it u000 u ita u 013 $a47506 026 $aO.LI I.94 e.ve PeEd (3) 1804 (A) 040 $aSeMil$bita 100 1 $aBracciolini, Francesco,$d<1566-1645>.$0(OLS)http://semarc/name/37619 245 13$aLo scherno degli Dei poema piacevole di Francesco Bracciolini. 260 $aMilano :$bTip. de' Classici Italiani, contrada di S. Margherita, n.° 1118,$c1804. 300 $aXXXI, [1], 343, [3] p., [1] carta di tav. :$britr. ;$c8°. 500 $aRitratto dell'A. inciso da G. Benaglia 500 $aContiene anche: Vita di Francesco Bracciolini scritta dal conte Giammaria Mazzuchelli bresciano, c. a2 700 1 $aMazzucchelli, Gianmaria,$d.$0(OLS)http://semarc/name/123520 700 1 $aBenaglia, Giuseppe .$0(OLS)http://semarc/name/11102 710 2 $aSocietà Tipografica de' Classici Italiani$c.$0(OLS)http://semarc/name/558 850 $aSeMil 852 $aSeMil$W1$xVenegono$y1$m1L I 25 FA$j42486$B42486$CSeMilBibl$Z2$F42490 $8I 996 $6245$aLo scherno degli Dei poema piacevole di Francesco Bracciolini$9(OLS)http://semarc/title/123707 996 $6260$aMilano :$bTip. de' Classici Italiani, contrada di S. Margherita, n.° 1118$9(OLS)http://semarc/publisher/29971 LEADER 01198nam a2200265 i 4500 001 000000251892 003 CaOOAMICUS 005 20260420102041.0 008 161206s1763 xx u000 u fre u 013 $a230797 026 $aaiis 48ux Onle qule (3) 1763 (R) 040 $aSeMil$bita 100 1 $aHuet, Pierre-Daniel,$d<1630-1721>.$0(OLS)http://semarc/name/11599 245 10$aHistoire du commerce et de la navigation des anciens. Par m. Huet .. 260 $aA Lyon :$bChez Benoit Duplain, libraire, grande ruë Mercière, à l'Aigle,$c1763. 300 $aXXIV, 496 p. ;$c8º. 500 $aIniz. e fregi xilogr. 500 $aSegn.: a4 e8 A-2H8 650 4$aCommercio marittimo.$0(OLS)http://semarc/subject/14117 700 1 $aDuplain, Benoît,$c.$0(OLS)http://semarc/name/12755 850 $aSeMil 852 $aSeMil$W1$xVenegono$y1$m3N II 39 FA$j202238$B202238$CSeMilBibl$Z2$F214921 $8I 996 $6245$aHistoire du commerce et de la navigation des anciens. Par m. Huet ..$9(OLS)http://semarc/title/354022 996 $6260$aA Lyon :$bChez Benoit Duplain, libraire, grande ruë Mercière, à l'Aigle$9(OLS)http://semarc/publisher/55475